<?xml version="1.0" encoding="UTF-8"?><?xml-stylesheet type="text/xsl" href="static/style.xsl"?><OAI-PMH xmlns="http://www.openarchives.org/OAI/2.0/" xmlns:xsi="http://www.w3.org/2001/XMLSchema-instance" xsi:schemaLocation="http://www.openarchives.org/OAI/2.0/ http://www.openarchives.org/OAI/2.0/OAI-PMH.xsd"><responseDate>2026-04-29T02:37:41Z</responseDate><request verb="GetRecord" identifier="oai:repisalud.isciii.es:20.500.12105/18153" metadataPrefix="marc">https://repisalud.isciii.es/rest/oai/request</request><GetRecord><record><header><identifier>oai:repisalud.isciii.es:20.500.12105/18153</identifier><datestamp>2024-11-28T15:48:38Z</datestamp><setSpec>com_20.500.12105_15322</setSpec><setSpec>com_20.500.12105_2051</setSpec><setSpec>col_20.500.12105_16927</setSpec><setSpec>col_20.500.12105_16958</setSpec></header><metadata><record xmlns="http://www.loc.gov/MARC21/slim" xmlns:dcterms="http://purl.org/dc/terms/" xmlns:doc="http://www.lyncode.com/xoai" xmlns:xsi="http://www.w3.org/2001/XMLSchema-instance" xsi:schemaLocation="http://www.loc.gov/MARC21/slim http://www.loc.gov/standards/marcxml/schema/MARC21slim.xsd">
   <leader>00925njm 22002777a 4500</leader>
   <datafield ind2=" " ind1=" " tag="042">
      <subfield code="a">dc</subfield>
   </datafield>
   <datafield ind2=" " ind1=" " tag="720">
      <subfield code="a">Porcel-Gálvez, Ana María</subfield>
      <subfield code="e">author</subfield>
   </datafield>
   <datafield ind2=" " ind1=" " tag="720">
      <subfield code="a">Barrientos-Trigo, Sergio</subfield>
      <subfield code="e">author</subfield>
   </datafield>
   <datafield ind2=" " ind1=" " tag="720">
      <subfield code="a">Fernández-García, Elena</subfield>
      <subfield code="e">author</subfield>
   </datafield>
   <datafield ind2=" " ind1=" " tag="720">
      <subfield code="a">Allande-Cussó, Regina</subfield>
      <subfield code="e">author</subfield>
   </datafield>
   <datafield ind2=" " ind1=" " tag="720">
      <subfield code="a">Quiñoz-Gallardo, María Dolores</subfield>
      <subfield code="e">author</subfield>
   </datafield>
   <datafield ind2=" " ind1=" " tag="720">
      <subfield code="a">Morales-Asencio, José Miguel</subfield>
      <subfield code="e">author</subfield>
   </datafield>
   <datafield ind2=" " ind1=" " tag="260">
      <subfield code="c">2020-11-17</subfield>
   </datafield>
   <datafield ind2=" " ind1=" " tag="520">
      <subfield code="a">Background: The increasing dependence care in patients hospitalized in acute hospitals around the world entails classification systems heeding the wide range of care dependency levels generated by the many different types of dependent patients. This article is a report of a study assessing the validity and reliability of a short-from version of the instrument (Inventario del NIvel de Cuidados mediante Indicadores de Resultados de Enfermería (INICIARE)) used to classify inpatients according to their care dependency level. Methods: The validation, carried out in a multicenter longitudinal study, included three different samples: the first sample of 1800 patients to evaluate the reliability and validity, a second of 762 patients for confirmatory factor analysis, and a third of 762 to test the short-form version. Patients over 16 years of age, admitted to medical or surgical units at 11 public hospitals, were included. Results: The final sample included 3605 patients. Patients had a mean age of 64.5 years, 60% were admitted to medical units, with severe dependency. The validation process yielded two versions of the instrument: a 40-item version, with eight factors with 83.6% of total variance explained and Cronbach's alpha values between 0.98 and 0.92, and a short-form with 26 items, with five factors and Cronbach's alpha values between 0.96 and 0.90. The Confirmatory Factor Analysis yielded a good fit model to the 40-item version (Chi Square on Degrees of Freedom CMIN/DF) = 1.335; Normed Fit Index (NFI); Tucker-Lewis Index (TLI); Comparative Fit Index (CFI) > 0.90; Standardized Residual Root Mean Square (RMSEA) = 0.02; and Standardized Residual Root Mean Square (SRMR) = 0.027) and 26-item version (Chi Square on Degrees of Freedom CMIN/DF = 1.385; NFI = 0.998; CFI = 0.999; RMSEA = 0.02; and SRMR 0.02). Both INICIARE versions obtained a high correlation between them (r = 0.96; p &lt; 0.001). Conclusion: INICIARE has proved to be a valid and reliable instrument for the assessment of the level of care dependency of acutely hospitalized patients.</subfield>
   </datafield>
   <datafield ind1="8" ind2=" " tag="024">
      <subfield code="a">1661-7827</subfield>
   </datafield>
   <datafield ind1="8" ind2=" " tag="024">
      <subfield code="a">http://hdl.handle.net/10668/3500</subfield>
   </datafield>
   <datafield ind1="8" ind2=" " tag="024">
      <subfield code="a">http://hdl.handle.net/20.500.12105/18153</subfield>
   </datafield>
   <datafield ind1="8" ind2=" " tag="024">
      <subfield code="a">33212889</subfield>
   </datafield>
   <datafield ind1="8" ind2=" " tag="024">
      <subfield code="a">10.3390/ijerph17228511</subfield>
   </datafield>
   <datafield ind1="8" ind2=" " tag="024">
      <subfield code="a">1660-4601</subfield>
   </datafield>
   <datafield ind1="8" ind2=" " tag="024">
      <subfield code="a">International Journal of Environmental Research and Public Health</subfield>
   </datafield>
   <datafield tag="653" ind2=" " ind1=" ">
      <subfield code="a">Assessment tools</subfield>
   </datafield>
   <datafield tag="653" ind2=" " ind1=" ">
      <subfield code="a">Dependency care</subfield>
   </datafield>
   <datafield tag="653" ind2=" " ind1=" ">
      <subfield code="a">Health measurements</subfield>
   </datafield>
   <datafield tag="653" ind2=" " ind1=" ">
      <subfield code="a">Hospitals</subfield>
   </datafield>
   <datafield tag="653" ind2=" " ind1=" ">
      <subfield code="a">Instrument development</subfield>
   </datafield>
   <datafield tag="653" ind2=" " ind1=" ">
      <subfield code="a">Nursing care</subfield>
   </datafield>
   <datafield tag="653" ind2=" " ind1=" ">
      <subfield code="a">Outcome assessment</subfield>
   </datafield>
   <datafield tag="653" ind2=" " ind1=" ">
      <subfield code="a">Psychometrics</subfield>
   </datafield>
   <datafield tag="653" ind2=" " ind1=" ">
      <subfield code="a">Scales</subfield>
   </datafield>
   <datafield tag="653" ind2=" " ind1=" ">
      <subfield code="a">Validation studies</subfield>
   </datafield>
   <datafield tag="653" ind2=" " ind1=" ">
      <subfield code="a">Atención de enfermería</subfield>
   </datafield>
   <datafield tag="653" ind2=" " ind1=" ">
      <subfield code="a">Evaluación de resultado en la atención de salud</subfield>
   </datafield>
   <datafield tag="653" ind2=" " ind1=" ">
      <subfield code="a">Psicometría</subfield>
   </datafield>
   <datafield tag="653" ind2=" " ind1=" ">
      <subfield code="a">Análisis factorial</subfield>
   </datafield>
   <datafield tag="653" ind2=" " ind1=" ">
      <subfield code="a">Estudios longitudinales</subfield>
   </datafield>
   <datafield tag="653" ind2=" " ind1=" ">
      <subfield code="a">Encuestas y cuestionarios</subfield>
   </datafield>
   <datafield tag="653" ind2=" " ind1=" ">
      <subfield code="a">Hospital</subfield>
   </datafield>
   <datafield ind2="0" ind1="0" tag="245">
      <subfield code="a">Development and External Validity of a Short-Form Version of the INICIARE Scale to Classify Nursing Care Dependency Level in Acute Hospitals</subfield>
   </datafield>
</record></metadata></record></GetRecord></OAI-PMH>